000 00683nam a2200229Ia 4500
003 OSt
005 20260203151038.0
008 210210b1948 xxu||||| |||| 00| 0 eng d
040 _cAL
041 _aKannada
082 _a852/529
100 _aVIRAPPA (N S)
_dವೀರಪ್ಪ (ಎನ್ ಎಸ್)
_9253653
245 _aKannada rangabhumiya smaraka grantha
_bಕನ್ನಡ ರಂಗಭೂಮಿಯ ಸ್ಮಾರಕ ಗ್ರಂಥ
260 _aMaisUru
_b-
_c1948
650 _asmAraka
_9253654
650 _arangabhumiya
_9253655
650 _aKannaDa
_9253656
650 _agrantha
_9253657
690 _aKannada Prose
_9253658
906 _a019095
942 _2ddc
_cBK
999 _c143194
_d143194